Loading...
| History - European | 0 | 5 | 1 | 2 | 45 | 52 | 90.40 | 2 | 4 | 0.00 | 0.00 |
| History - World | 0 | 5 | 1 | 0 | 45 | 50 | 73.00 | 1 | 3 | 0.00 | 0.00 |
| History - American | 0 | 4 | 2 | 1 | 30 | 53 | 77.25 | 0 | 4 | 0.00 | 0.00 |
| Geography/Current Events | 0 | 2 | 1 | 1 | 15 | 99 | 112.50 | 1 | 2 | 0.00 | 0.00 |
| History - Other | 0 | 2 | 1 | 0 | 15 | 80 | 93.50 | 0 | 1 | 0.00 | 0.00 |
| Pop Culture | 0 | 1 | 0 | 0 | 10 | 83 | 83.00 | 0 | 1 | 0.00 | 0.00 |
| Literature - European | 0 | 1 | 0 | 0 | 10 | 120 | 120.00 | 0 | 0 | 0.00 | 0.00 |
| Other Academic | 0 | 1 | 0 | 0 | 10 | 85 | 85.00 | 0 | 0 | 0.00 | 0.00 |
| Philosophy | 0 | 1 | 0 | 1 | 10 | 122 | 122.00 | 0 | 0 | 0.00 | 0.00 |
| Literature - British | 0 | 0 | 1 | 0 | -5 | 0.00 | 0 | 0 | 0.00 | 0.00 |